Statistics for FC Barcelona Opponents In UEFA Champions League

Click here to take the quiz!

General Stats

  • This quiz has been taken 377 times
    (8 since last reset)
  • The average score is 48 of 67

Answer Stats

Team Country Matchs Win Draw Loose Last % Correct
Atletico MadridSpain41122016
100%
ChelseaEngland133642012
100%
JuventusItaly113422021
100%
Sparta PragueCzech Republic64112000
100%
Manchester UnitedEngland105412019
100%
Paris Saint-GermainFrance104332017
100%
Celtic FCScotland109012017
100%
Bayern MunichGermany92162015
100%
ArsenalEngland96212016
100%
Shakhtar DonetskUkraine64022011
100%
LyonFrance85302019
100%
Real MadridSpain82332011
100%
Manchester CityEngland65012017
100%
Borussia DortmundGermany21102020
100%
Spartak MoscowRussia43102013
88%
AC MilanItaly178542014
88%
SSC NapoliItaly21102020
88%
OlympiacosGreece21102018
88%
Sporting CPPortugal44002018
88%
Rangers FCScotland21102008
88%
Schalke 04Germany22002008
88%
Valencia CFSpain21012000
88%
AFC AjaxNetherlands43012015
88%
PSV EindhovenNetherlands42202019
88%
AS RomaItaly62222018
88%
Inter MilanItaly106312020
88%
Dynamo KyivUkraine84022021
88%
PortoPortugal54012000
88%
LiverpoolEngland63122019
88%
SL BenficaPortugal73312013
88%
BesiktasTurkey21012001
88%
FC BaselSwitzerland21102009
75%
AIK FotbollSweden22002000
75%
FerencvárosHungary20002021
75%
BATE BorisovBelarus44002016
75%
PanathinaikosGreece64112011
75%
Slavia PragueCzech Republic21102020
75%
Tottenham HotspurEngland21102019
75%
GalatasarayTurkey85212003
75%
APOELCyprus22002015
75%
Bayer LeverkusenGermany86112016
75%
FC CopenhagenDenmark21102011
75%
FiorentinaItaly21102000
63%
UdineseItaly22002006
63%
FenerbahçeTurkey22002002
63%
Werder BremenGermany43102007
63%
Rubin KazanRussia41212011
63%
Hamburger SVGermany32011961
63%
StuttgartGermany43102010
63%
Leeds UnitedEngland41212001
63%
Borussia MönchengladbachGermany22002017
63%
FeyenoordNetherlands21101975
50%
Steaua BucharestRomania10101986
50%
Club BruggeBelgium22002003
50%
Lokomotiv MoscowRussia22002003
50%
Newcastle UnitedEngland43012003
50%
Hertha BSCGermany21102000
38%
Viktoria PlzenCzech Republic22002012
38%
SampdoriaItaly11001992
38%
GöteborgSweden41121995
38%
Levski SofiaBulgaria22002007
25%
BrondbyDenmark22001999
25%
MonacoFrance22001994
25%
Wolverhampton WanderersEngland22001960
25%
FC LinzAustria21101975
13%
Atvidabergs FFSweden22001975
0%
Hradec KrálovéCzech Republic21101961
0%

Score Distribution

Percentile by Number Answered

Percent of People with Each Score

Your Score History

You have not taken this quiz since the last reset